000 00454nam a2200169Ia 4500
005 20250423095105.0
008 250422s9999 xx 000 0 und d
020 _a9788121924931
050 _aHF 5633 .W37/
100 _aWason, V.
245 0 _aDouble Entry Book Keeping [Accounting for Partnership Firms and Companies]
260 _aNew Delhi
260 _bS. Chand & Company Pvt. Ltd.
260 _c2013
650 _aBookkeeping.
942 _cBK
999 _c29211
_d29211